Регионална библиотека "Любен Каравелов" - Русе

[Сто и петдесет] 150 години Русенска община - юбилейна изложба (Запис номер 185245)

MARC детайли
000 -Лидер
Контролно поле с фиксирана дължина 02389nam a2200565 c 4500
003 - Код на организацията, давaща контролен номер
Контролно поле BLK
005 - Дата и час на последна редакция
Контролно поле 20240712125638.0
008 - Елементи от данни с фиксирана дължина
fixed length control field 180411b bul|||||r ||||||| ||bul||
010 ## - Наследен системен номер
LC control number KNG00194238000
040 ## - Източник на каталожния запис
Идентификатор на билиотеката - собственик на записа BLK
041 ## - Код за език
Код за езика на текст/звукозапис или на отделно заглавие Български
Код за езика КДБФ Български
072 #7 - Код за тематичната категория
Код организация bullib
Код за тематична категория Я
Текст Автографи
072 #7 - Код за тематичната категория
Код организация bullib
Код за тематична категория Н35
Текст Обществено управление. Военни науки Н
072 #7 - Код за тематичната категория
Код организация bullib
Код за тематична категория К
Текст Краезнание
072 #7 - Код за тематичната категория
Код организация bullib
Код за тематична категория РА
Текст Русенски автори
080 ## - УДК
УДК код - определител по УДК 352.071
УДК определител (497.215)(091)
УДК - код + определител 352.071(497.215)(091)
080 ## - УДК
Текстов определител УДК Краезнание
УДК код - определител по УДК 908
УДК определител (497.215)
УДК - код + определител 908(497.215)
100 1# - Редна дума - Автор
Автор Билчев, Тодор Билчев
Авторска отговорност първи автор
R(LIN) 365819
139 ## - Редно поле
Редна дума Билчев, Тодор Билчев и др.
Авторски знак Би - Б 44
245 10 - Сведения за заглавието
Заглавие [Сто и петдесет] 150 години Русенска община - юбилейна изложба
Редно поле (дума) Тодор Билчев Билчев; съавт. Цветомира Димитрова; съавт. Валерия Василева Йорданова.
257 ## - Страна на издаване
Страна на създаване/издаване България
260 ## - Област на издателските данни
Име на издателя, разпространителя и проч. Изд. авт.
Година на издаване 2016
Печатница Русе : Изд. център при РУ А. Кънчев
300 ## - Физическа характеристика
Страници 142 с.
Илюстрации и др. със сн., факс.
Размери/Мащаб 23 см
380 ## - Жанр
Жанр Обществени науки
650 #4 - Допълнително описание по предмет – тема
Основно описание – тема или топоним Общини - Русе - история
9 (RLIN) 265717
650 #4 - Допълнително описание по предмет – тема
Основно описание – тема или топоним Местно самоуправление - Русе - история
9 (RLIN) 301703
650 #4 - Допълнително описание по предмет – тема
Основно описание – тема или топоним Русе - обществено управление
9 (RLIN) 283327
650 #4 - Допълнително описание по предмет – тема
Основно описание – тема или топоним Русе - история
9 (RLIN) 242626
650 #4 - Допълнително описание по предмет – тема
Основно описание – тема или топоним Кметове - Русе
9 (RLIN) 283326
650 #4 - Допълнително описание по предмет – тема
Основно описание – тема или топоним Кметства - Русе - история
9 (RLIN) 264702
651 #4 - Допълнително описание по предмет - топоним
Географско понятие Русе
9 (RLIN) 179462
651 #4 - Допълнително описание по предмет - топоним
Географско понятие България
9 (RLIN) 241624
653 ## - Ключова дума – ненормативна
Ключова дума Община Русе
653 ## - Ключова дума – ненормативна
Ключова дума общини
653 ## - Ключова дума – ненормативна
Ключова дума история
653 ## - Ключова дума – ненормативна
Ключова дума юбилейни сборници
659 ## - Тематичен бюлетин
Тематичен бюлетин К
659 ## - Тематичен бюлетин
Тематичен бюлетин Н
659 ## - Тематичен бюлетин
Тематичен бюлетин Я
700 1# - Други автори (авторска отговорност)
Лично име Димитрова, Цветомира
Автороска отговорност (Описва отношението между автора и произведението) съавт.
9 (RLIN) 373277
700 1# - Други автори (авторска отговорност)
Лично име Йорданова, Валерия Василева
Дати, свързани с автора 1966 -
9 (RLIN) 73993
852 ## - Местоположение
Форматна сигнатура Цб 282950
852 ## - Местоположение
Форматна сигнатура К 352/354/Б 44 Т
856 4# - Електронен адрес и достъп
Електронен формат pdf - файл
856 4# - Електронен адрес и достъп
Електронен формат pdf - файл
999 ## - СИСТЕМНИ КОНТРОЛНИ НОМЕРА
Koha biblionumber 185245
Koha biblioitemnumber 185245
942 ## - АРТИКУЛИ
Вид на библиотечния материал Книги
Скрит в OPAC Не
Периодичен библиозапис Да
944 ## - СЪЗДАВАНЕ И РЕДАКЦИЯ на ЗАПИСА
Създаване/Редакция Създаване
Дата на регистрацията/редакция 21.10.2016
Статус, дата на статуса Геновева Генчева
Служител, извършил регистрацията/редакцията 30560
944 ## - СЪЗДАВАНЕ И РЕДАКЦИЯ на ЗАПИСА
Създаване/Редакция Редакция
Дата на регистрацията/редакция 06.02.2017
Статус, дата на статуса ф /
Служител, извършил регистрацията/редакцията Людмила_Стоянова
999 ## - СИСТЕМНИ КОНТРОЛНИ НОМЕРА
Koha biblioitemnumber 185245
Наличности
Код за отписване Код за изгубен артикул Източник на класификационната схема Код за повреда Коз за рестрикции Код за отдаване Артикулен № Име на библиотеката - собственик Име на библиотеката, в която се намира в момента Статус (Текущо местоположение) Дата на вписване в системата Местоположение - отдел Цена в лева Инвентарен номер Систематично азбучна сигнатура Баркод Номер на екземпляра Цена в евро Служебна бележка Служебен тип на артикула
  Не е изгубен Universal Decimal Classification Не е повреден без рестрикции ползва се в читалня 320764 Регионална библиотека "Любен Каравелов" Русе Регионална библиотека "Любен Каравелов" Русе Краезнание 2016-10-24 Краезнание 15.00 120000805193 К 352/354/Б 44 Т 120000805193 1 7.67 Дост: DA Вид: А N: 36 Дата: 24.10.2016 Дата инв: 09.11.2017 Бележки инв: К2017 Книги
Vip Innovations Ltd, Rousse, Bulgaria 2025